000 00394 a2200109 4500
001 ART_41867
005 20260410162023.0
008 260409a
245 1 0 _aApuntes acerca de la potestad disciplinaria de la administración y el procedimiento sumarial
100 1 _aIvanega, Miriam Mabel
773 0 _tJurisprudencia Argentina
_gDerecho administrativo (mayo 2006)
_wREV41622
999 _c33345
_d33345